Prithviraj Raso (Record no. 7072)

MARC details
000 -LEADER
fixed length control field 00518cam a2200217ua 4500
001 - CONTROL NUMBER
control field 7958
005 - DATE AND TIME OF LATEST TRANSACTION
control field 20260515114256.0
008 - FIXED-LENGTH DATA ELEMENTS--GENERAL INFORMATION
fixed length control field 150108n ii |||gr||||Z||||||hin
040 ## - CATALOGING SOURCE
Transcribing agency MAIN
041 ## - LANGUAGE CODE
Language code of text/sound track or separate title hin
082 ## - DEWEY DECIMAL CLASSIFICATION NUMBER
Classification number 294.5
100 ## - MAIN ENTRY--PERSONAL NAME
Personal name Duvedi, H. P.,
Relator term Author.,
245 ## - TITLE STATEMENT
Title Prithviraj Raso
Statement of responsibility, etc. By Hajari Prasad Duvedi
250 ## - EDITION STATEMENT
Edition statement 1st.
260 ## - PUBLICATION, DISTRIBUTION, ETC.
Place of publication, distribution, etc. Ilahabad:
Name of publisher, distributor, etc. Sahitya,
Date of publication, distribution, etc. 1998.
300 ## - PHYSICAL DESCRIPTION
Extent 230p.
653 ## - INDEX TERM--UNCONTROLLED
Uncontrolled term Religions ofIndic origin
653 ## - INDEX TERM--UNCONTROLLED
Uncontrolled term Hinduism
700 ## - ADDED ENTRY--PERSONAL NAME
Personal name Singh, N.,
Relator term Author.
942 ## - ADDED ENTRY ELEMENTS (KOHA)
Koha item type Books
Holdings
Withdrawn status Lost status Damaged status Not for loan Home library Current library Shelving location Date acquired Total checkouts Full call number Barcode Date last seen Copy number Price effective from Koha item type
        Naharkatiya College Library Naharkatiya College Library General stacks 09/19/2020   294.5 | DUV 3355 09/19/2020 1 09/19/2020 Books
        Naharkatiya College Library Naharkatiya College Library General stacks 09/19/2020   294.5 | DUV 3356 09/19/2020 2 09/19/2020 Books